| 000 | 00806nam a22002177a 4500 | ||
|---|---|---|---|
| 999 |
_c19009 _d19009 |
||
| 003 | AR-CdUCM | ||
| 008 | 190516b ||||| |||| 00| 0 spa d | ||
| 040 |
_aMUNICIPALIDAD PROVINCIAL DEL CUSCO _cBIBLIOTECA MUNICIPAL DEL CUSCO |
||
| 082 |
_a030 / _bC557 |
||
| 100 |
_aChirone, Vanna _940040 |
||
| 245 |
_aModerna enciclopedia femenina : _bLa mujer y su mundo / |
||
| 260 |
_aBarcelona : _bLuis Miracle, _c1960. |
||
| 300 |
_a422 páginas ; _c25 cm. |
||
| 500 | _aVolumen tercero contiene 490 páginas. | ||
| 505 | _aContenido : Elementos funcional de la casa -- Criterios generales de distribución -- Presupuesto familiar... | ||
| 650 |
_aGeneralidades de casa _940041 |
||
| 650 |
_aLabores femeninas _940042 |
||
| 650 |
_aNormas de relaciones sociales _940043 |
||
| 942 |
_2ddc _cLIBROS |
||
| 945 | _arcc | ||